| 000 | 00475nam a2200181Ia 4500 | ||
|---|---|---|---|
| 005 | 20250326144220.0 | ||
| 008 | 250326s9999 xx 000 0 und d | ||
| 037 | _aTextbook | ||
| 040 |
_aFMSL _beng _cFMSL |
||
| 041 |
_aeng _2eng |
||
| 084 | _qFMSL | ||
| 100 |
_aGavin R E _9749273 |
||
| 245 | 0 |
_aReference mannal for stenographee & costs _cGavin R E; Hutchinson E L |
|
| 260 |
_aNY _bNY, M G H _c1961 |
||
| 300 | _a318p | ||
| 942 | _cTB | ||
| 999 |
_c1302835 _d1302835 |
||